01023nam a2200229Ia 4500952010100000999001700101008004100118020001500159050002000174245005700194250001800251260012100269300003500390490001700425500007200442500003600514505013700550519004700687650002100734700003100755942000700786 00102lcc4070a22b22d2009-03-17l0oTR850 T43 1987p11 007774r2023-07-14t1w2012-06-26yLB c72190d72190120626s1987 mx a 000 0 spa d a968837878X aTR850bT43 1987 aTecnología del cine c/ compilador Julio, Haquette a2a. edición aMéxicob: Universidad Nacional Autónoma de México: Centro Universitario de Estudios Cinematográficosc, 1987 a180 páginasb: ilustraciones aTextos v: 1 aA la cabeza de la portada: Materiales de Extensión Universitaria  aIncluye: Indice, Introducción aLa luz Exposición Objetivos Teleobjetivos Sensitometría Reproducción de las tonalidades Filtros Iluminación  aMaterial Complementario/ d(11 007774)  0aCINEMATOGRAFÍA aHaquette Julioecompilador cLB